MAN WHO MADE MACHINES BIOGRAPHY OF THE P (Record no. 31921)

MARC details
000 -LEADER
fixed length control field 00326nam a2200121Ia 4500
008 - FIXED-LENGTH DATA ELEMENTS--GENERAL INFORMATION
fixed length control field 240624s9999 xx 000 0 und d
041 ## - LANGUAGE CODE
Language code of text/sound track or separate title eng
082 ## - DEWEY DECIMAL CLASSIFICATION NUMBER
Classification number 920 KIR
100 ## - MAIN ENTRY--PERSONAL NAME
Personal name KIRLOSKAR S V
245 ## - TITLE STATEMENT
Title MAN WHO MADE MACHINES BIOGRAPHY OF THE P
260 ## - PUBLICATION, DISTRIBUTION, ETC.
Date of publication, distribution, etc. 2019
Place of publication, distribution, etc. Pune
Name of publisher, distributor, etc. Kirloskar Brothers Limited
300 ## - PHYSICAL DESCRIPTION
Extent 278 p.; 23 cm.
Holdings
Withdrawn status Lost status Damaged status Not for loan Home library Current library Shelving location Date acquired Full call number Barcode Date last seen Price effective from Koha item type
        IMTN IMTN Rack 42-B 12/03/2019 920 KIR 31921 06/24/2024 06/24/2024 Books
Designed & Maintained by: LRC IMT Nagpur Contact: lrc@imtnag.ac.in© 2024. All Rights Reserved.